Fr. Conceicao Rodrigues College of Engineering

English Phonetics and Phonology (Record no. 34007)

MARC details
000 -LEADER
fixed length control field 00340nam a2200169Ia 4500
082 ## - DEWEY DECIMAL CLASSIFICATION NUMBER
Classification number 414
Item number ROA
100 ## - MAIN ENTRY--PERSONAL NAME
Personal name Roach/ Peter
250 ## - EDITION STATEMENT
Edition statement 3
245 ## - TITLE STATEMENT
Title English Phonetics and Phonology
260 ## - PUBLICATION, DISTRIBUTION, ETC.
Name of publisher, distributor, etc. Cambridge
Date of publication, distribution, etc. 2000
300 ## - PHYSICAL DESCRIPTION
Extent 283
546 ## - LANGUAGE NOTE
Language note ENGLISH
650 ## - SUBJECT ADDED ENTRY--TOPICAL TERM
Topical term or geographic name entry element English
654 ## - SUBJECT ADDED ENTRY--FACETED TOPICAL TERMS
Focus term english
942 ## - ADDED ENTRY ELEMENTS (KOHA)
Koha item type BOOK
Holdings
Withdrawn status Lost status Damaged status Not for loan Collection Home library Current library Date acquired Total Checkouts Full call number Barcode Date last seen Price effective from Koha item type
        CRC Fr. Agnel's C.Rodrigues College of Engineering Fr. Agnel's C.Rodrigues College of Engineering 17/03/2023   414 ROA 12330 17/03/2023 17/03/2023 BOOK